000 01059nam0a22002411 4500
001 rc\1183672
005 20250622212537.0
035 _a(NLR Aleph) 006425598
090 _a5494735
_c5494735
100 _a20041129d1980 |||y0rusy50 ca
101 0 _arus
102 _aRU
105 _aa |||||||||
200 1 _aОсновы научной эксплуатации судовых водоопреснительных установок
_eКонспект лекций
210 _aКалининград
_cИн-т повышения квалификации руководящих работников и специалистов рыб. пром-сти
_d1980
215 _a46 с.
_cил.
_d20
300 _aВ надзаг.: Ин-т повышения квалификации руководящих работников и специалистов рыб. пром-сти
700 1 _aНеплюев
_bИ.Ф.
_gИван Федорович
801 0 _aRU
_bNLR
_gpsbo
801 1 _aRU
_bELAR
_2rusmarc
852 _aNLR
_j80-4/19053
942 _cBOOK
980 _aNB